000 00552nam a2200205Ia 4500
005 20240423133307.0
008 131103s9999 xx 000 0 und d
020 _a8186804625
_cRs.120
040 _aLoreto College
041 _aEnglish
082 _a370.954
_bCHA
100 _aChaube, S.P.
245 _aEducational Ideals of the Great in India
_cS.P.Chaube and Akhilesh Chaube
260 _aHyderbad
_bNeelkamal
_c2002
300 _axiv,296p.
650 _aEduction - India
700 _aChaube, Akhilesh
850 _aLCBED
942 _cBK
999 _c25849
_d76328